00695 a2200193 4500999001500000010001400015020002300029035001300052037001500065082000800080100003000088245005600118260005200174270006100226300002700287500005100314942002700365952010900392 c5855d5855 aENG-86983 a8185044503c240.00 aEN-70516 bDBAD / PUB14a3311 aPanigrahi, Debendra Kumar1 aIndustrial relations /cby Debendra Kumar Panigrahi aNew DelhibUDH Publishers & Distributorsc2006. a4762-63/23, Ansari Road, Darya Ganj,bNew Delhie110 002 axiv, 343pc24cm (pbk) aIncludes bibliographical references and index adplcEN2ddch331mPAN 001040718NFICaDBADbDBADeDBAD/PUBg240.00l0o331 PANpEN-70516r2008-09-15 00:00:00t1v240.00yEN